000 00480nam a22001937a 4500
003 MPLRDC
005 20220104143704.0
008 210129b ||||| |||| 00| 0 eng d
020 _a957-787-088-0
082 _a326.97 BARC
100 _aBARCLAY
245 _a揭开幽浮之谜
_c谢幸静译
250 _a初版
260 _a
_b丝路
_c1997
300 _b
490 _a社会人文丛书. 31
650 _a太空杂论--不明飞行体
942 _cBK
_o326.97 BARC
999 _c42370
_d42360